ख़ुदा गवाह है / (Record no. 113580)

MARC details
000 -LEADER
fixed length control field 01031nam a22002777a 4500
003 - CONTROL NUMBER IDENTIFIER
control field 0
005 - DATE AND TIME OF LATEST TRANSACTION
control field 20180908152905.0
008 - FIXED-LENGTH DATA ELEMENTS--GENERAL INFORMATION
fixed length control field 0
010 ## - LIBRARY OF CONGRESS CONTROL NUMBER
LC control number B-030531
020 ## - INTERNATIONAL STANDARD BOOK NUMBER
Terms of availability 250.00
International Standard Book Number 8170434726
035 ## - SYSTEM CONTROL NUMBER
System control number B-030531 ,B-030533, B-030553
037 ## - SOURCE OF ACQUISITION
Source of stock number/acquisition Cen Lib/Ret
040 ## - CATALOGING SOURCE
Original cataloging agency DPL
Language of cataloging HN
Transcribing agency 0
082 ## - DEWEY DECIMAL CLASSIFICATION NUMBER
Classification number
Item number भटना
100 ## - MAIN ENTRY--PERSONAL NAME
Personal name भटनागर, राजेन्द्रमोहन
9 (RLIN) 4556
245 ## - TITLE STATEMENT
Title ख़ुदा गवाह है /
Statement of responsibility, etc राजेन्द्रमोहन भटनागर
246 ## - VARYING FORM OF TITLE
Title proper/short title Khuda gwaha hai /
Remainder of title by Rajendra Mohan Bhatnagar
260 ## - PUBLICATION, DISTRIBUTION, ETC. (IMPRINT)
Place of publication, distribution, etc दिल्ली
Name of publisher, distributor, etc आत्माराम एंड संस
Date of publication, distribution, etc 2001
270 ## - ADDRESS
City दिल्ली
Address कश्मीरी गेट
Postal code 110006
300 ## - PHYSICAL DESCRIPTION
Extent 270पृ.
Dimensions 21सेमी (सजिल्द)
650 ## - SUBJECT ADDED ENTRY--TOPICAL TERM
Topical term or geographic name as entry element हिन्दी साहित्य
9 (RLIN) 52891
650 ## - SUBJECT ADDED ENTRY--TOPICAL TERM
Topical term or geographic name as entry element उपन्यास
9 (RLIN) 52892
650 ## - SUBJECT ADDED ENTRY--TOPICAL TERM
Topical term or geographic name as entry element Hindi literature
9 (RLIN) 52893
650 ## - SUBJECT ADDED ENTRY--TOPICAL TERM
Topical term or geographic name as entry element Novel
9 (RLIN) 22513
942 ## - ADDED ENTRY ELEMENTS (KOHA)
Source of classification or shelving scheme Dewey Decimal Classification
Koha item type Hindi Books
Classification part
Call number suffix भटना
Holdings
Withdrawn status Lost status Damaged status Not for loan Home library Current library Date acquired Source of acquisition Cost, normal purchase price Total Checkouts Total Renewals Full call number Barcode Date last seen Date checked out Copy number Cost, replacement price Price effective from Koha item type Source of classification or shelving scheme Collection code Shelving location
        Central Library Central Library 12/08/2015 Cen Lib/Ret 250.00 1 2 उ भटना B-030531 14/09/2017 18/08/2017 1 250.00 12/08/2015 Hindi Books      
        Patel Nagar Patel Nagar 19/07/2018 BPPD/PUB 250.00 3 2 उ भटना B-030533 12/08/2023 05/08/2023   250.00 19/07/2018 Hindi Books Dewey Decimal Classification Fiction General Stacks
        Shahdara Branch Shahdara Branch 08/09/2018 BPPD/PUB 250.00     उ भटना B-030556 08/09/2018     250.00 08/09/2018 Hindi Books Dewey Decimal Classification Fiction  

© Delhi Public Library
Hit Counter
free hit counter